000 01029nam a2200265Ia 4500
001 ebr10078594
003 CaPaEBR
006 m u
007 cr cn|||||||||
008 030521s2004 at a s 000 0 eng d
020 _z1740761170
040 _aCaPaEBR
_cCaPaEBR
035 _a(OCoLC)70740511
050 1 4 _aDS432.5
_b.B58 2004eb
245 0 0 _aBittersweet
_h[electronic resource] :
_ban Indo-Fijian experience /
_cedited by Brij Lal; photographs by Peter Hendrie.
260 _aCanberra :
_bPandanus Books,
_c2004.
300 _a407 p. :
_bill.
533 _aElectronic reproduction.
_bPalo Alto, Calif. :
_cebrary,
_d2009.
_nAvailable via World Wide Web.
_nAccess may be limited to ebrary affiliated libraries.
650 0 _aEast Indians
_zFiji
_xHistory.
651 0 _aFiji
_xHistory.
655 7 _aElectronic books.
_2local
700 1 _aLal, Brij.
710 2 _aebrary, Inc.
856 4 0 _uhttp://site.ebrary.com/lib/rucke/Doc?id=10078594
_zAn electronic book accessible through the World Wide Web; click to view
999 _c54578
_d54578